<?xml version="1.0" encoding="UTF-8"?>
<record
    xmlns:xsi="http://www.w3.org/2001/XMLSchema-instance"
    xsi:schemaLocation="http://www.loc.gov/MARC21/slim http://www.loc.gov/standards/marcxml/schema/MARC21slim.xsd"
    xmlns="http://www.loc.gov/MARC21/slim">

  <leader>00985nam a22002537a 4500</leader>
  <controlfield tag="005">20250928103137.0</controlfield>
  <datafield tag="020" ind1=" " ind2=" ">
    <subfield code="a">9780230308091</subfield>
    <subfield code="c">TZS176,580/=</subfield>
  </datafield>
  <datafield tag="040" ind1=" " ind2=" ">
    <subfield code="a">MCCL</subfield>
    <subfield code="b">eng </subfield>
    <subfield code="e">AACR 2nd.rev.ed.</subfield>
  </datafield>
  <datafield tag="082" ind1=" " ind2=" ">
    <subfield code="a">658.022 BRI</subfield>
  </datafield>
  <datafield tag="100" ind1=" " ind2=" ">
    <subfield code="a">Bridge, Simon</subfield>
  </datafield>
  <datafield tag="245" ind1=" " ind2=" ">
    <subfield code="a"> Understanding enterprise, entrepreneurship and small business</subfield>
    <subfield code="c">/ Simon Bridge, Ken O'Neill and Stan Cromie</subfield>
  </datafield>
  <datafield tag="260" ind1=" " ind2=" ">
    <subfield code="a">Houndmills :</subfield>
    <subfield code="b">Macmillan Business,</subfield>
    <subfield code="c">c1998.</subfield>
  </datafield>
  <datafield tag="300" ind1=" " ind2=" ">
    <subfield code="a"> xiv,411 p. : </subfield>
    <subfield code="b">ill. ; </subfield>
    <subfield code="c">25 cm.</subfield>
  </datafield>
  <datafield tag="504" ind1=" " ind2=" ">
    <subfield code="a">Includes index</subfield>
  </datafield>
  <datafield tag="520" ind1=" " ind2=" ">
    <subfield code="a">This text explores the concepts of entrepreneurship and enterprise and also ideas and trends; it is an essential guide for anyone wishing to get to grips with the complexities of small business, enterprise and entrepreneurship
</subfield>
  </datafield>
  <datafield tag="546" ind1=" " ind2=" ">
    <subfield code="a">eng</subfield>
  </datafield>
  <datafield tag="650" ind1=" " ind2=" ">
    <subfield code="a">Small business</subfield>
    <subfield code="z">Great Britain</subfield>
  </datafield>
  <datafield tag="650" ind1=" " ind2=" ">
    <subfield code="a">Management science</subfield>
  </datafield>
  <datafield tag="650" ind1=" " ind2=" ">
    <subfield code="a">Business enterprises</subfield>
  </datafield>
  <datafield tag="650" ind1=" " ind2=" ">
    <subfield code="a">Entrepreneurship</subfield>
  </datafield>
  <datafield tag="700" ind1=" " ind2=" ">
    <subfield code="a">O'Neill, Ken</subfield>
  </datafield>
  <datafield tag="700" ind1=" " ind2=" ">
    <subfield code="a">Cromie, Stan</subfield>
  </datafield>
  <datafield tag="942" ind1=" " ind2=" ">
    <subfield code="c">BK</subfield>
  </datafield>
  <datafield tag="999" ind1=" " ind2=" ">
    <subfield code="c">11305</subfield>
    <subfield code="d">11305</subfield>
  </datafield>
  <datafield tag="952" ind1=" " ind2=" ">
    <subfield code="0">0</subfield>
    <subfield code="1">0</subfield>
    <subfield code="4">0</subfield>
    <subfield code="7">0</subfield>
    <subfield code="a">MU002</subfield>
    <subfield code="b">MU002</subfield>
    <subfield code="d">2017-01-01</subfield>
    <subfield code="l">0</subfield>
    <subfield code="o">658 BRI</subfield>
    <subfield code="p">004118</subfield>
    <subfield code="r">2025-09-28 10:34:25</subfield>
    <subfield code="t">1</subfield>
    <subfield code="w">2025-09-28</subfield>
    <subfield code="y">BK</subfield>
  </datafield>
  <datafield tag="952" ind1=" " ind2=" ">
    <subfield code="0">0</subfield>
    <subfield code="1">0</subfield>
    <subfield code="4">0</subfield>
    <subfield code="7">0</subfield>
    <subfield code="a">MU002</subfield>
    <subfield code="b">MU002</subfield>
    <subfield code="d">2017-01-01</subfield>
    <subfield code="l">0</subfield>
    <subfield code="o">658 BRI</subfield>
    <subfield code="p">004119</subfield>
    <subfield code="r">2025-09-28 10:34:25</subfield>
    <subfield code="t">2</subfield>
    <subfield code="w">2025-09-28</subfield>
    <subfield code="y">BK</subfield>
  </datafield>
  <datafield tag="952" ind1=" " ind2=" ">
    <subfield code="0">0</subfield>
    <subfield code="1">0</subfield>
    <subfield code="4">0</subfield>
    <subfield code="7">0</subfield>
    <subfield code="a">MU002</subfield>
    <subfield code="b">MU002</subfield>
    <subfield code="d">2017-01-01</subfield>
    <subfield code="l">0</subfield>
    <subfield code="o">658 BRI</subfield>
    <subfield code="p">004120</subfield>
    <subfield code="r">2025-09-28 10:34:25</subfield>
    <subfield code="t">3</subfield>
    <subfield code="w">2025-09-28</subfield>
    <subfield code="y">BK</subfield>
  </datafield>
  <datafield tag="952" ind1=" " ind2=" ">
    <subfield code="0">0</subfield>
    <subfield code="1">0</subfield>
    <subfield code="4">0</subfield>
    <subfield code="7">0</subfield>
    <subfield code="a">MU002</subfield>
    <subfield code="b">MU002</subfield>
    <subfield code="d">2017-01-01</subfield>
    <subfield code="l">0</subfield>
    <subfield code="o">658 BRI</subfield>
    <subfield code="p">004121</subfield>
    <subfield code="r">2025-09-28 10:34:25</subfield>
    <subfield code="t">4</subfield>
    <subfield code="w">2025-09-28</subfield>
    <subfield code="y">BK</subfield>
  </datafield>
  <datafield tag="952" ind1=" " ind2=" ">
    <subfield code="0">0</subfield>
    <subfield code="1">0</subfield>
    <subfield code="4">0</subfield>
    <subfield code="7">0</subfield>
    <subfield code="a">MU002</subfield>
    <subfield code="b">MU002</subfield>
    <subfield code="d">2017-01-01</subfield>
    <subfield code="l">0</subfield>
    <subfield code="o">658 BRI</subfield>
    <subfield code="p">004122</subfield>
    <subfield code="r">2025-09-28 10:34:25</subfield>
    <subfield code="t">5</subfield>
    <subfield code="w">2025-09-28</subfield>
    <subfield code="y">BK</subfield>
  </datafield>
</record>
